[Event "DEN-ch sf2"]
[Site "Svendborg"]
[Date "2024.03.29"]
[Round "3"]
[White "Jensen, Soren"]
[Black "Rasmussen, Johnny Koust"]
[Result "1-0"]
[WhiteElo "1945"]
[BlackElo "1909"]
[PlyCount "105"]
[EventDate "2024.03.29"]
[EventType "swiss"]
[EventRounds "7"]
[EventCountry "DEN"]
[SourceTitle "CB16_2024"]
[SourceDate "2024.04.17"]
[SourceVersion "1"]
[SourceVersionDate "2024.04.17"]
[SourceQuality "1"]

1. e4 e5 2. Nf3 Nc6 3. Bc4 Bc5 4. b4 Bxb4 5. c3 Ba5 6. d4 exd4 7. 0-0 d6 8. Qb3 Qe7 9. cxd4 Bb6 10. Bg5 Qd7 11. Bb5 a6 12. Ba4 Ba7 13. Qb2 f6 14. d5 fxg5 15. dxc6 bxc6 16. Bxc6 Qxc6 17. Qxg7 Bg4 18. Qxh8 0-0-0 19. Nbd2 h6 20. Rab1 Bb6 21. Rfc1 Qb7 22. Nc4 Kb8 23. Na5 Bxa5 24. Rxb7+ Kxb7 25. Qd4 Bb6 26. Qd5+ Kb8 27. Ne5 Ne7 28. Qd3 Bc8 29. Nc4 Bc5 30. Qb3+ Ka8 31. Na5 Rf8 32. Rc2 Bb6 33. Qc3 Be6 34. Nc4 Bxc4 35. Qxc4 a5 36. Qe6 Ng8 37. Kf1 Ka7 38. f3 Kb7 39. Ke2 Ka7 40. h3 Kb7 41. Qd7 Ka7 42. Rxc7+ Bxc7 43. Qxc7+ Ka8 44. Qxa5+ Kb7 45. Qd5+ Kc7 46. e5 Re8 47. Qxd6+ Kc8 48. a4 Rd8 49. Qb6 Re8 50. e6 Ne7 51. a5 Ng6 52. Qc6+ Kd8 53. Qd7# 1-0

[Event "DEN-ch G7-2"]
[Site "Skorping"]
[Date "2017.04.13"]
[Round "3"]
[White "Winther, Bjarke Rosenborg"]
[Black "Rasmussen, Johnny Koust"]
[Result "1/2-1/2"]
[WhiteElo "1768"]
[BlackElo "1867"]
[PlyCount "59"]
[EventDate "2017.04.11"]
[EventType "swiss"]
[EventRounds "7"]
[EventCountry "DEN"]
[SourceTitle "EXT 2021"]
[Source "ChessBase"]
[SourceDate "2020.10.23"]
[SourceVersion "1"]
[SourceVersionDate "2020.10.23"]
[SourceQuality "1"]

1. e4 e5 2. Nf3 Nc6 3. Bc4 Bc5 4. c3 Nf6 5. d3 d6 6. 0-0 0-0 7. Bb3 h6 8. Nbd2 Bg4 9. h3 Bh5 10. Re1 a6 11. Nf1 Ba7 12. Ng3 Bg6 13. Be3 Re8 14. Nh4 Bh7 15. Nhf5 Ne7 16. Qf3 Bxf5 17. Nxf5 Nxf5 18. Qxf5 Bxe3 19. Rxe3 Qd7 20. Qf3 Nh7 21. Rae1 Ng5 22. Qh5 Kf8 23. h4 Nh7 24. Rg3 Nf6 25. Qf3 a5 26. a4 b6 27. Qd1 Re7 28. Ree3 Rb8 29. Ref3 Nh5 30. Rh3 1/2-1/2